[Event "Dundee & Angus Major"]
[Site "?"]
[Date "2012.10.12"]
[Round "1"]
[White "Noble, Ray"]
[Black "Howie, Derek"]
[Result "1-0"]
[WhiteElo "1447"]
[BlackElo "1175"]
[PlyCount "125"]
[EventDate "12.??.??"]

1. e4 c6 2. d4 d5 3. exd5 cxd5 4. Bd3 Nc6 5. c3 Nf6 6. Bf4 Bg4 7. Qb3 Qc8 8.
Nd2 e6 9. Ngf3 Bxf3 10. Nxf3 h6 11. O-O Be7 12. Rfe1 O-O 13. Rad1 Nh5 14. Bc1
Bd6 15. Bb1 Nf6 16. Qc2 Ne7 17. Ne5 Qd8 18. f4 g6 19. Re3 Kg7 20. Rf1 b5 21.
Rh3 Rh8 22. g4 Bxe5 23. fxe5 Nxg4 24. Rg3 h5 25. Bg5 Kg8 26. Rxf7 Kxf7 27. Rf3+
Ke8 28. Bxe7 Qxe7 29. Qxg6+ Kd8 30. Rf7 Qh4 31. Qxe6 Qxh2+ 32. Kf1 Ne3+ 33. Ke1
Ng2+ 34. Kd1 Ne3+ 35. Kc1 Qg1+ 36. Kd2 Nc4+ 37. Ke2 Qe3+ 38. Kf1 Nd2+ 39. Kg2
Rg8+ 40. Bg6 Qe4+ 41. Kf2 Qh4+ 42. Ke2 Qg4+ 43. Qxg4 hxg4 44. Kxd2 Rxg6 45.
Rf8+ Ke7 46. Rxa8 Ke6 47. Rh8 Kf5 48. Ke2 Kf4 49. Rh1 Kg3 50. Rg1+ Kf4 51. Kf2
Rh6 52. Rg3 Rh2+ 53. Rg2 Rh3 54. e6 Rf3+ 55. Ke1 g3 56. e7 Re3+ 57. Re2 Kf3 58.
Rxe3+ Kxe3 59. e8=Q+ Kf3 60. Qf7+ Kg2 61. Qxd5+ Kh2 62. Kf1 Kh3 63. Qh5# 1-0

[Event "Dundee & Angus Major"]
[Site "?"]
[Date "2012.10.12"]
[Round "1"]
[White "Flood, Ray"]
[Black "Young, Colin"]
[Result "1-0"]
[WhiteElo "1469"]
[BlackElo "1240"]
[PlyCount "99"]
[EventDate "12.??.??"]

1. e4 e6 2. d4 d5 3. exd5 exd5 4. Bd3 Nf6 5. Bg5 Bd6 6. Nf3 O-O 7. O-O Bg4 8.
Nc3 c6 9. h3 Bxf3 10. Qxf3 Nbd7 11. Rfe1 Qb6 12. Rad1 Qxb2 13. Rb1 Qa3 14. Rxb7
Rab8 15. Reb1 Rxb7 16. Rxb7 Re8 17. g3 Rb8 18. Rxb8+ Bxb8 19. Nxd5 Qd6 20.
Nxf6+ Nxf6 21. Bxf6 Qxf6 22. Qxf6 gxf6 23. Be4 Bd6 24. Bxc6 Bb4 25. c4 Kg7 26.
Kg2 Kg6 27. Kf3 f5 28. Kf4 f6 29. Be8+ Kg7 30. Kxf5 Kf8 31. Bb5 Ke7 32. f4 Bc3
33. d5 Bb4 34. g4 Bc5 35. g5 fxg5 36. fxg5 Kf7 37. h4 Kg7 38. h5 h6 39. g6 Bd6
40. Ke6 Bc5 41. d6 Kf8 42. d7 Bb6 43. c5 Bc7 44. c6 Ba5 45. Kd6 Bb4+ 46. Kc7
Ba5+ 47. Kc8 Ke7 48. c7 Bxc7 49. Kxc7 a6 50. d8=Q+ 1-0

[Event "Dundee & Angus Major"]
[Site "?"]
[Date "2012.10.12"]
[Round "1"]
[White "Chalmers, Martin"]
[Black "Pearston, John M"]
[Result "0-1"]
[WhiteElo "1579"]
[BlackElo "1395"]
[PlyCount "110"]
[EventDate "12.??.??"]

1. e4 e5 2. Nf3 Nf6 3. Nc3 Nc6 4. d4 exd4 5. Nxd4 Bb4 6. Nxc6 bxc6 7. Bd3 Bxc3+
8. bxc3 O-O 9. Bg5 Re8 10. O-O d5 11. exd5 cxd5 12. Bb5 Re6 13. Re1 Rxe1+ 14.
Qxe1 Bd7 15. Bxf6 gxf6 16. Bd3 f5 17. Qe5 c6 18. Bxf5 Bxf5 19. Qxf5 Qe7 20. Kf1
Qe6 21. Qxe6 fxe6 22. Rb1 Rf8 23. Ke2 Rf7 24. Ke3 e5 25. Rb8+ Rf8 26. Rb3 Kg7
27. f3 h5 28. Ra3 Rf7 29. Ra6 Rc7 30. c4 Kf7 31. c5 Kf6 32. c3 Kf5 33. h3 h4
34. Ra4 Rg7 35. Kf2 e4 36. fxe4+ dxe4 37. Ra6 Rc7 38. Ke3 Rd7 39. Rxc6 Rd3+ 40.
Ke2 Rxc3 41. a4 Kf4 42. Rc7 a5 43. c6 Rc2+ 44. Kd1 Rc4 45. Rf7+ Kg3 46. Rg7+
Kf2 47. c7 e3 48. Re7 Rxc7 49. Re5 Rd7+ 50. Kc1 e2 51. Rf5+ Kg1 52. Re5 Rd1+
53. Kc2 e1=Q 54. Rxe1+ Rxe1 55. Kd2 Ra1 0-1

[Event "Dundee & Angus Major"]
[Site "?"]
[Date "2012.10.12"]
[Round "1"]
[White "Wynne, Stuart"]
[Black "Atkins, Graham"]
[Result "1/2-1/2"]
[WhiteElo "1249"]
[BlackElo "1503"]
[PlyCount "69"]
[EventDate "12.??.??"]

1. c4 g6 2. g3 Bg7 3. Bg2 d6 4. Nc3 Nc6 5. d3 e5 6. e4 Nge7 7. Nge2 Bg4 8. O-O
O-O 9. h3 Bxe2 10. Nxe2 Nd4 11. Nxd4 exd4 12. Bf4 Nc6 13. Qd2 Ne5 14. Rad1 c5
15. Bxe5 dxe5 16. b4 b6 17. bxc5 bxc5 18. Rb1 Qd6 19. Qc2 Rab8 20. Rxb8 Rxb8
21. Rb1 Rxb1+ 22. Qxb1 a6 23. Qb7 Bf6 24. h4 Kg7 25. Bh3 Be7 26. Bc8 a5 27. Qa6
Qxa6 28. Bxa6 f5 29. f3 h5 30. Kg2 f4 31. gxf4 exf4 32. Kh3 Kf6 33. a4 g5 34.
hxg5+ Kxg5 35. Bc8 1/2-1/2

[Event "Dundee & Angus Major"]
[Site "?"]
[Date "2012.10.12"]
[Round "1"]
[White "Livie, George"]
[Black "Howie, Colin"]
[Result "1-0"]
[WhiteElo "1532"]
[BlackElo "1286"]
[PlyCount "57"]
[EventDate "12.??.??"]

1. e4 c6 2. d4 d5 3. exd5 cxd5 4. Bd3 Nc6 5. c3 e6 6. Bf4 Bd6 7. Bxd6 Qxd6 8.
Nf3 Nge7 9. Na3 O-O 10. O-O f6 11. Re1 e5 12. Nb5 Qb8 13. Bc2 a6 14. Na3 Bg4
15. h3 Bh5 16. g4 Bg6 17. Nh4 Bxc2 18. Nxc2 Qc7 19. Ne3 Rae8 20. Rc1 Qb6 21.
Nhf5 Nxf5 22. Nxf5 Qxb2 23. Rb1 Qxc3 24. Re3 Qa5 25. Rxb7 Rf7 26. Rxf7 Kxf7 27.
g5 exd4 28. Qh5+ Kg8 29. Rxe8# 1-0

[Event "Dundee & Angus Major"]
[Site "?"]
[Date "2012.10.11"]
[Round "2"]
[White "Nichols, Harry"]
[Black "Harkins, William"]
[Result "0-1"]
[WhiteElo "1149"]
[BlackElo "1444"]
[PlyCount "68"]
[EventDate "13.??.??"]

1. e4 c5 2. Nf3 d6 3. d4 cxd4 4. Nxd4 Nf6 5. Nc3 a6 6. Bg5 e6 7. f4 h6 8. Bh4
Be7 9. Qf3 Nc6 10. O-O-O Qc7 11. g4 b5 12. e5 Nxd4 13. Qxa8 dxe5 14. fxe5 Nxc2
15. Kxc2 Nd5 16. Bxe7 Kxe7 17. Rxd5 exd5 18. Kd2 Rd8 19. Nxd5+ Kf8 20. Bg2 Qa5+
21. Ke3 Qxa2 22. Rc1 Qxb2 23. Rxc8 Qxe5+ 24. Be4 Qg5+ 25. Kd4 Qd2+ 26. Kc5 Qc1+
27. Kb6 Rxc8 28. Qb7 Qc5+ 29. Ka5 Qa3+ 30. Kb6 Qd6+ 31. Ka5 Qd8+ 32. Kb4 Rc4+
33. Kb3 Rxe4 34. Qc6 Rc4 0-1

[Event "Dundee & Angus Major"]
[Site "?"]
[Date "2012.10.11"]
[Round "2"]
[White "Milton, Anna"]
[Black "Campbell, Kevin"]
[Result "1-0"]
[WhiteElo "1327"]
[BlackElo "1587"]
[PlyCount "107"]
[EventDate "13.??.??"]

1. d4 Nf6 2. c4 e5 3. dxe5 Ng4 4. Nf3 Nc6 5. Bf4 Bb4+ 6. Nbd2 Qe7 7. a3 Bxd2+
8. Qxd2 Ngxe5 9. Qc3 d6 10. g3 Nxf3+ 11. Qxf3 Ne5 12. Qc3 O-O 13. Bg2 Re8 14.
O-O Ng6 15. Be3 Rb8 16. Bxa7 Ra8 17. Bd4 f6 18. c5 Bd7 19. cxd6 cxd6 20. Bxb7
Rab8 21. Bf3 Ne5 22. Bg2 Rbc8 23. Qb3+ Kf8 24. Rac1 Rb8 25. Qc2 g6 26. Qd2 g5
27. f4 gxf4 28. Qxf4 Bb5 29. Qxf6+ Qxf6 30. Rxf6+ Kg8 31. Rxd6 Bxe2 32. Re1
Nf3+ 33. Bxf3 Bxf3 34. Rde6 Red8 35. Bc3 Rd3 36. Re8+ Rxe8 37. Rxe8+ Kf7 38.
Re5 Rd1+ 39. Kf2 Bc6 40. a4 Bxa4 41. Ra5 Bc6 42. Ra7+ Kg8 43. Rg7+ Kf8 44. Rxh7
Rc1 45. h4 Rc2+ 46. Ke3 Rg2 47. Kf4 Rf2+ 48. Kg5 Rg2 49. Be5 Rc2 50. h5 Be4 51.
Rc7 Rd2 52. h6 Rd5 53. Kf6 Kg8 54. h7+ 1-0

[Event "Dundee & Angus Major"]
[Site "?"]
[Date "2012.10.11"]
[Round "2"]
[White "Pearson, Walter"]
[Black "Lynch, John"]
[Result "1-0"]
[WhiteElo "1435"]
[BlackElo "1059"]
[PlyCount "93"]
[EventDate "13.??.??"]

1. e4 e5 2. Nc3 Nc6 3. Bc4 Nf6 4. d3 Bb4 5. Nge2 Nd4 6. Bd2 Nxe2 7. Qxe2 O-O 8.
a3 Bxc3 9. Bxc3 d6 10. h3 Re8 11. O-O-O Be6 12. Bxe6 Rxe6 13. Rhf1 Nd7 14. f4
f6 15. f5 Re7 16. Bd2 c5 17. c4 a5 18. Bc3 b6 19. a4 Qc7 20. Qc2 Nb8 21. Kd2
Na6 22. b3 Nb4 23. Qb2 Ree8 24. Ra1 Qf7 25. Bxb4 cxb4 26. Rf3 Qc7 27. Ke1 Qc5
28. Qf2 Qxf2+ 29. Rxf2 Re7 30. Rd1 Rd8 31. Ke2 Red7 32. Ke3 Kf7 33. Rfd2 Ke7
34. g4 h6 35. h4 Kf7 36. Rg2 Rg8 37. g5 hxg5 38. hxg5 g6 39. gxf6 Kxf6 40. fxg6
Rxg6 41. Rf1+ Kg7 42. Rxg6+ Kxg6 43. Rf8 Rc7 44. d4 Kg7 45. Rd8 exd4+ 46. Kxd4
Kf7 47. Rxd6 1-0

[Event "Dundee & Angus Major"]
[Site "?"]
[Date "2012.10.11"]
[Round "2"]
[White "Atkins, Graham"]
[Black "Roy, Zak"]
[Result "1-0"]
[WhiteElo "1503"]
[BlackElo "1246"]
[PlyCount "111"]
[EventDate "13.??.??"]

1. e4 e5 2. Nf3 Nc6 3. Bc4 Bc5 4. c3 d6 5. d4 exd4 6. cxd4 Bb6 7. O-O Nf6 8.
Nc3 O-O 9. h3 h6 10. Be3 Re8 11. Bd3 Ba5 12. a3 Bxc3 13. bxc3 Nxe4 14. Qc2 Nf6
15. Rfe1 Bd7 16. Qc1 Re7 17. Bxh6 Qf8 18. Bg5 Rxe1+ 19. Nxe1 Nd5 20. Nf3 f6 21.
Bd2 Re8 22. Nh4 Nce7 23. Qc2 f5 24. Re1 Qf6 25. Nxf5 Nxf5 26. Rxe8+ Bxe8 27.
Bxf5 Qe7 28. Qb3 c6 29. c4 Nf6 30. Qe3 Qxe3 31. Bxe3 b5 32. cxb5 cxb5 33. Be6+
Kf8 34. d5 Ke7 35. Bxa7 Ne4 36. Bd4 g6 37. f4 Nd2 38. f5 gxf5 39. Bxf5 Nc4 40.
g4 Nxa3 41. h4 b4 42. h5 Nc2 43. Bxc2 Bf7 44. Be4 b3 45. h6 Bg8 46. h7 Bxh7 47.
Bxh7 b2 48. Bxb2 Kf7 49. g5 Kf8 50. g6 Ke7 51. g7 Kd7 52. g8=Q Ke7 53. Qe6+ Kf8
54. Qxd6+ Kf7 55. Bg6+ Kg8 56. Qd8# 1-0

[Event "Dundee & Angus Major"]
[Site "?"]
[Date "2012.10.11"]
[Round "2"]
[White "Mitchell, Mike"]
[Black "Wynne, Stuart"]
[Result "1/2-1/2"]
[WhiteElo "1555"]
[BlackElo "1249"]
[PlyCount "87"]
[EventDate "13.??.??"]

1. d4 Nf6 2. Bg5 g6 3. Bxf6 exf6 4. e3 d5 5. Be2 Bg7 6. Nd2 O-O 7. Ngf3 Bg4 8.
O-O c6 9. c4 Bxf3 10. Nxf3 dxc4 11. Bxc4 Nd7 12. Rc1 Nb6 13. Qb3 Nxc4 14. Qxc4
Qe7 15. Rfe1 Rfe8 16. b4 Qe6 17. Nd2 Qxc4 18. Nxc4 Bf8 19. a3 b6 20. Nd2 Rac8
21. Rc3 Rc7 22. Rec1 Rec8 23. Ne4 Kg7 24. Nd2 Bd6 25. Ne4 Be7 26. d5 f5 27. d6
Rd7 28. dxe7 fxe4 29. e8=Q Rxe8 30. Rxc6 Red8 31. g4 Rd1+ 32. Rxd1 Rxd1+ 33.
Kg2 Rd3 34. Rc4 Rxa3 35. Rxe4 Ra4 36. Re7 Rxb4 37. Rxa7 Rxg4+ 38. Kf3 Rb4 39.
Rb7 Rb2 40. Kg3 b5 41. e4 b4 42. f3 b3 43. Kf4 Rxh2 44. Rxb3 1/2-1/2

[Event "Dundee & Angus Major"]
[Site "?"]
[Date "2012.10.11"]
[Round "2"]
[White "Pearston, John M"]
[Black "Livie, George"]
[Result "1-0"]
[WhiteElo "1395"]
[BlackElo "1532"]
[PlyCount "91"]
[EventDate "13.??.??"]

1. d4 Nf6 2. Nf3 d5 3. c4 c6 4. Nc3 Bg4 5. Ne5 Bh5 6. Qb3 Qc8 7. cxd5 cxd5 8.
Nxd5 Nbd7 9. e4 a6 10. Bd3 e6 11. Nxf6+ gxf6 12. Nxd7 Qxd7 13. Be3 Rc8 14. O-O
Rg8 15. f4 Bd6 16. e5 Be7 17. Rac1 Rxc1 18. Rxc1 Bf3 19. Bf1 fxe5 20. dxe5 Bd5
21. Qc2 Bc6 22. g3 Rg6 23. Bg2 Bxg2 24. Qxg2 h5 25. Qd2 Qxd2 26. Bxd2 Kd7 27.
Be3 h4 28. Kg2 hxg3 29. hxg3 f5 30. Bc5 Bxc5 31. Rxc5 Rg8 32. Kf3 Rh8 33. Rc2
Rg8 34. b4 Rg7 35. a4 Rg8 36. b5 axb5 37. axb5 Ra8 38. Rc3 Ra1 39. b6 Rf1+ 40.
Kg2 Rb1 41. Rc7+ Ke8 42. Rxb7 Rb3 43. Rb8+ Kd7 44. b7 Kc7 45. Re8 Rxb7 46. Rxe6
1-0

[Event "Dundee & Angus Major"]
[Site "?"]
[Date "2012.10.11"]
[Round "2"]
[White "Cassidy, Bernard"]
[Black "Congalton, David"]
[Result "1-0"]
[WhiteElo "1458"]
[BlackElo "1293"]
[PlyCount "61"]
[EventDate "13.??.??"]

1. e4 d6 2. Nf3 g6 3. Nc3 Bg7 4. h3 Nf6 5. Bc4 Nxe4 6. Nxe4 d5 7. Bxd5 Qxd5 8.
d3 Nc6 9. O-O O-O 10. Nc3 Bxc3 11. bxc3 b6 12. Bh6 Re8 13. Ng5 Bb7 14. c4 Qf5
15. Qd2 Nd4 16. c3 Nc6 17. Nf3 Rad8 18. d4 Na5 19. Nh2 Nxc4 20. Qc1 Qd5 21. f3
Nd6 22. Ng4 Qh5 23. Re1 f6 24. Rxe7 Qf5 25. Qe3 g5 26. Re1 Qg6 27. Qe6+ Kh8 28.
Qxf6+ Qxf6 29. Nxf6 Rxe7 30. Rxe7 Rc8 31. Bg7# 1-0

[Event "Dundee & Angus Major"]
[Site "?"]
[Date "2012.10.11"]
[Round "2"]
[White "Sawaryn, Steve"]
[Black "Hope, Iain"]
[Result "1/2-1/2"]
[WhiteElo "1424"]
[BlackElo "1376"]
[PlyCount "104"]
[EventDate "13.??.??"]

1. e4 c6 2. d4 d5 3. e5 c5 4. c3 Nc6 5. Na3 cxd4 6. Nb5 dxc3 7. bxc3 e6 8. Nf3
Bd7 9. a4 a6 10. Nd6+ Bxd6 11. exd6 Nf6 12. Bd3 O-O 13. Ba3 e5 14. Bc2 Re8 15.
O-O Bg4 16. h3 Bxf3 17. Qxf3 e4 18. Qe3 Na5 19. Qg3 Re6 20. Rfd1 Nc4 21. Bc1
Qxd6 22. Bf4 Qf8 23. Bb3 Nh5 24. Qg5 Nxf4 25. Qxf4 Rd8 26. Rxd5 Rxd5 27. Bxc4
Rf6 28. Qxe4 Rdf5 29. Bd3 g6 30. Rf1 Rf4 31. Qxb7 Qc5 32. Qb2 Rxa4 33. g3 Rf3
34. Bc2 Rc4 35. Kg2 Rfxc3 36. Rd1 Rd4 37. Rxd4 Qxd4 38. Qb8+ Kg7 39. Qb1 Rc5
40. Bd1 a5 41. Qb6 Qb4 42. Qd6 Qe4+ 43. Bf3 Qe5 44. Qd1 Qb2 45. h4 Rc2 46. Qe1
a4 47. Qe3 a3 48. h5 Rxf2+ 49. Kh3 Rxf3 50. h6+ Kf6 51. Qxf3+ Ke6 52. Qe3+ Kd5
1/2-1/2

[Event "Dundee & Angus Major"]
[Site "?"]
[Date "2012.10.11"]
[Round "2"]
[White "Wallace, Bruce"]
[Black "Flood, Ray"]
[Result "1/2-1/2"]
[WhiteElo "1364"]
[BlackElo "1469"]
[PlyCount "48"]
[EventDate "13.??.??"]

1. e4 e5 2. Nf3 Nc6 3. d4 exd4 4. Nxd4 Bc5 5. Be3 Bb6 6. Nxc6 bxc6 7. Bxb6 axb6
8. Qd4 Qf6 9. e5 Qe6 10. Bc4 d5 11. Bd3 Ne7 12. O-O O-O 13. Nc3 c5 14. Qh4 Nf5
15. Bxf5 Qxf5 16. Nxd5 Qxe5 17. Ne7+ Kh8 18. c3 Qe6 19. a3 Qg4 20. Qxg4 Bxg4
21. Rfe1 Be6 22. Rad1 Rfe8 23. Nc6 h6 24. f3 b5 1/2-1/2

[Event "Dundee & Angus Major"]
[Site "?"]
[Date "2012.10.11"]
[Round "2"]
[White "Waddell, Alexander"]
[Black "Andrews, Norman"]
[Result "1/2-1/2"]
[WhiteElo "1286"]
[BlackElo "1546"]
[PlyCount "69"]
[EventDate "13.??.??"]

1. e4 c5 2. Nf3 g6 3. d4 cxd4 4. Nxd4 Nc6 5. Nc3 Bg7 6. Be3 Nf6 7. f3 O-O 8.
Qd2 d5 9. O-O-O dxe4 10. Nxe4 Nxe4 11. fxe4 Bg4 12. Be2 Nxd4 13. Bxd4 Bxe2 14.
Bxg7 Qxd2+ 15. Rxd2 Kxg7 16. Rxe2 Rfd8 17. Rd1 Rxd1+ 18. Kxd1 Kf6 19. Rd2 Ke6
20. Ke2 Rc8 21. b3 Rc7 22. c4 Rd7 23. Rxd7 Kxd7 24. Kd3 e5 25. c5 Kc6 26. b4
Kb5 27. Kc3 a5 28. a3 axb4+ 29. axb4 f5 30. exf5 gxf5 31. h3 h5 32. g3 e4 33.
h4 b6 34. cxb6 Kxb6 35. Kd4 1/2-1/2

[Event "Dundee & Angus Major"]
[Site "?"]
[Date "2012.10.11"]
[Round "3"]
[White "Wynne, Stuart"]
[Black "Park, Frank"]
[Result "0-1"]
[WhiteElo "1249"]
[BlackElo "1438"]
[PlyCount "100"]
[EventDate "13.??.??"]

1. c4 c6 2. g3 d6 3. Bg2 e6 4. Nc3 Nf6 5. d3 Be7 6. Nf3 O-O 7. b4 Nbd7 8. b5 c5
9. O-O b6 10. Ng5 Rb8 11. Nge4 Bb7 12. a4 Nxe4 13. Bxe4 Bxe4 14. Nxe4 f5 15.
Nd2 g5 16. f4 g4 17. Nb3 Bf6 18. Rb1 h5 19. Bb2 Kf7 20. Qe1 Rh8 21. Kg2 h4 22.
e3 Bxb2 23. Rxb2 hxg3 24. hxg3 Qf6 25. Rb1 Rh3 26. Rh1 Rbh8 27. Qd2 Qh6 28. Qe1
Rh2+ 29. Rxh2 Qxh2+ 30. Kf1 Qh1+ 31. Ke2 Qf3+ 32. Kd2 Rh2+ 33. Kc3 Qg2 34. Nd2
Qh3 35. e4 Rg2 36. exf5 exf5 37. Nf1 Ra2 38. Nd2 Rxa4 39. Qe3 Ra3+ 40. Nb3 Qh8+
41. Kc2 Ra2+ 42. Kd1 Qh1+ 43. Qe1 Qf3+ 44. Kc1 Qxd3 45. Rb2 Qxc4+ 46. Kb1 Rxb2+
47. Kxb2 Qxb5 48. Qd2 c4 49. Ka1 Qa4+ 50. Kb1 Qxb3+ 0-1

[Event "Dundee & Angus Major"]
[Site "?"]
[Date "2012.10.11"]
[Round "3"]
[White "Harkins, William"]
[Black "Sani, Leonardo"]
[Result "0-1"]
[WhiteElo "1444"]
[BlackElo "1072"]
[PlyCount "73"]
[EventDate "13.??.??"]

1. d4 c6 2. Nf3 d5 3. e3 Bg4 4. Nbd2 Nf6 5. c4 e6 6. Qc2 Be7 7. Bd3 O-O 8. b3
Nbd7 9. Bb2 dxc4 10. bxc4 c5 11. O-O cxd4 12. exd4 Rc8 13. Qb3 Nb6 14. Rac1 Qc7
15. Rfe1 Rfe8 16. Ne5 Bh5 17. Bb1 Nbd7 18. f4 Nxe5 19. fxe5 Nd7 20. Ne4 Bg6 21.
Rf1 Nb6 22. d5 Bc5+ 23. Kh1 Bxe4 24. Bxe4 exd5 25. cxd5 Qd8 26. Qh3 g6 27. Qf3
Qe7 28. Qb3 Bd6 29. e6 Rxc1 30. Rxc1 Qh4 31. exf7+ Kxf7 32. Qf3+ Kg8 33. h3
Qxe4 34. Qf2 Qe2 35. Qd4 Qe1+ 36. Rxe1 Rxe1+ 37. Qg1 0-1

[Event "Dundee & Angus Major"]
[Site "?"]
[Date "2012.10.11"]
[Round "3"]
[White "Pearston, John M"]
[Black "Cassidy, Bernard"]
[Result "1/2-1/2"]
[WhiteElo "1395"]
[BlackElo "1458"]
[PlyCount "92"]
[EventDate "13.??.??"]

1. d4 d5 2. Nf3 Nf6 3. c4 c6 4. Nc3 Bg4 5. Ne5 e6 6. Nxg4 Nxg4 7. e4 Nf6 8. Bg5
Be7 9. e5 Nfd7 10. Bxe7 Qxe7 11. cxd5 exd5 12. Be2 Nb6 13. O-O N8d7 14. a4 a5
15. Qb3 O-O 16. Qc2 Qh4 17. f4 Qe7 18. Rf3 f5 19. Re1 Rae8 20. Bd3 g6 21. Rg3
Kh8 22. b3 Rg8 23. Qf2 Nf8 24. Rc1 Ne6 25. Be2 Nd7 26. Qe3 Qb4 27. Na2 Qxd4 28.
Qxd4 Nxd4 29. Re3 Nxe2+ 30. Rxe2 Nf8 31. h4 Ne6 32. g3 Rd8 33. Kf2 d4 34. Rd2
c5 35. Rc4 b6 36. Nc1 Rb8 37. Nd3 Rgc8 38. Rb2 b5 39. axb5 Rxb5 40. Ke2 Rcb8
41. Nc1 Rb4 42. Kd3 Rxc4 43. Kxc4 Kg7 44. Nd3 Rc8 45. Ra2 Kh6 46. Rxa5 Kh5
1/2-1/2

[Event "Dundee & Angus Major"]
[Site "?"]
[Date "2012.10.11"]
[Round "3"]
[White "Milton, Anna"]
[Black "Noble, Ray"]
[Result "0-1"]
[WhiteElo "1327"]
[BlackElo "1447"]
[PlyCount "59"]
[EventDate "13.??.??"]

1. d4 e5 2. dxe5 Nc6 3. Nf3 Qe7 4. Bf4 Qb4+ 5. Bd2 Qxb2 6. Bc3 Bb4 7. Nfd2 Bxc3
8. Nxc3 Qxc3 9. e3 Nb4 10. Rc1 Nxa2 11. Ra1 Nb4 12. Rc1 Ne7 13. Be2 O-O 14. O-O
Qxe5 15. Nf3 Qd5 16. Nd4 c6 17. c3 Na6 18. Qc2 Nc7 19. Rfd1 Qg5 20. Nf3 Qf6 21.
Bd3 Ng6 22. Nd4 d5 23. Rb1 Ne6 24. Nf3 Ng5 25. Nd4 Nh4 26. c4 c5 27. Nb3 Nxg2
28. Nxc5 Bh3 29. Bf1 Nf3+ 30. Kh1 0-1

[Event "Dundee & Angus Major"]
[Site "?"]
[Date "2012.10.11"]
[Round "3"]
[White "Congalton, David"]
[Black "Mitchell, Mike"]
[Result "1/2-1/2"]
[WhiteElo "1293"]
[BlackElo "1555"]
[PlyCount "43"]
[EventDate "13.??.??"]

1. d4 Nf6 2. c4 c5 3. d5 e6 4. dxe6 fxe6 5. Nc3 d5 6. cxd5 exd5 7. e3 a6 8. Nf3
Nc6 9. Bd3 Be7 10. O-O O-O 11. a3 Qc7 12. Qc2 Ne5 13. Nxe5 Qxe5 14. f4 Qc7 15.
e4 c4 16. Nxd5 Nxd5 17. Bxc4 Kh8 18. exd5 Bf5 19. Qb3 Bc5+ 20. Kh1 Rae8 21. Bd3
Qd7 22. Bc4 1/2-1/2

[Event "Dundee & Angus Major"]
[Site "?"]
[Date "2012.10.11"]
[Round "3"]
[White "Livie, George"]
[Black "Waddell, Alexander"]
[Result "1-0"]
[WhiteElo "1532"]
[BlackElo "1286"]
[PlyCount "86"]
[EventDate "13.??.??"]

1. e4 c6 2. d4 d5 3. exd5 cxd5 4. Bd3 Nf6 5. Bf4 Nc6 6. c3 Bg4 7. f3 Bd7 8. Ne2
e6 9. Nd2 Be7 10. Ng3 Qb6 11. Qb3 Qxb3 12. Nxb3 O-O 13. O-O Rac8 14. Rae1 Rfe8
15. Re2 a6 16. Rfe1 Bd8 17. Nc5 Bc7 18. Bg5 b6 19. Nxd7 Nxd7 20. Bxa6 Rb8 21.
Bb5 Bxg3 22. hxg3 Rbc8 23. Bf4 Ndb8 24. Bd6 Red8 25. Ba3 Rc7 26. g4 Na7 27. Bd3
Nbc6 28. f4 g6 29. f5 exf5 30. gxf5 Kg7 31. Rf1 Nc8 32. f6+ Kg8 33. Rfe1 h5 34.
Re8+ Rxe8 35. Rxe8+ Kh7 36. Bf8 N8a7 37. Bg7 Rc8 38. Re3 Rd8 39. Rh3 Kg8 40. g4
Nc8 41. gxh5 Nd6 42. hxg6 fxg6 43. Bxg6 Nf7 1-0

[Event "Dundee & Angus Major"]
[Site "?"]
[Date "2012.10.11"]
[Round "3"]
[White "Wallace, Bruce"]
[Black "Pearson, Walter"]
[Result "1/2-1/2"]
[WhiteElo "1364"]
[BlackElo "1435"]
[PlyCount "87"]
[EventDate "13.??.??"]

1. e4 e5 2. Nf3 Nc6 3. Bc4 Bc5 4. c3 Nf6 5. d4 exd4 6. cxd4 Bb4+ 7. Bd2 Bxd2+
8. Nbxd2 d6 9. O-O O-O 10. d5 Na5 11. Bd3 b6 12. b4 Nb7 13. Qc2 Re8 14. Nd4 Bd7
15. Nc6 Qc8 16. Ba6 Bg4 17. f4 Bh5 18. Rae1 Nd7 19. e5 Nb8 20. Bxb7 Qxb7 21. b5
a6 22. exd6 f6 23. Ne7+ Kh8 24. Qxc7 Ra7 25. Qxb7 Rxb7 26. bxa6 Nxa6 27. Nc6
Rd7 28. Rxe8+ Bxe8 29. Re1 Bf7 30. Re7 Nc5 31. Rxd7 Nxd7 32. Ne7 g6 33. Ne4 Kg7
34. Kf2 h6 35. Ke3 f5 36. Nc3 Nc5 37. Kd4 Kf6 38. Na4 Nxa4 39. Kc4 Be8 40. Nc6
Nc5 41. Ne5 Nd7 42. Kd4 Nc5 43. Nc4 Nd7 44. Ne5 1/2-1/2

[Event "Dundee & Angus Major"]
[Site "?"]
[Date "2012.10.11"]
[Round "3"]
[White "Andrews, Norman"]
[Black "Howie, Colin"]
[Result "1-0"]
[WhiteElo "1546"]
[BlackElo "1240"]
[PlyCount "57"]
[EventDate "13.??.??"]

1. e4 c6 2. d4 d5 3. exd5 cxd5 4. Bd3 Qc7 5. c3 Nf6 6. Nf3 Bg4 7. h3 Bh5 8.
Nbd2 e6 9. Qa4+ Nbd7 10. Ne5 a6 11. g4 Bg6 12. Nxg6 hxg6 13. Nf3 Nxg4 14. Rg1
Rxh3 15. Qd1 Ngf6 16. Ng5 Rh8 17. Qe2 Be7 18. Nxf7 Rf8 19. Ng5 Qb6 20. Bxg6+
Kd8 21. Nxe6+ Kc8 22. Nxf8 Bxf8 23. Bg5 Ne4 24. Bxe4 dxe4 25. Qxe4 Kb8 26. Be3
Qxb2 27. Rb1 Qxc3+ 28. Kd1 Qc7 29. Bf4 1-0

[Event "Dundee & Angus Major"]
[Site "?"]
[Date "2012.10.11"]
[Round "3"]
[White "Chalmers, Martin"]
[Black "Robertson, Graeme"]
[Result "1-0"]
[WhiteElo "1579"]
[BlackElo "1422"]
[PlyCount "115"]
[EventDate "13.??.??"]

1. e4 e6 2. Nf3 d5 3. Nc3 c5 4. Bb5+ Nc6 5. Ne5 Bd7 6. Bxc6 Bxc6 7. Qh5 Qf6 8.
Nxc6 bxc6 9. O-O g6 10. Qe2 Qe5 11. f4 Qd4+ 12. Kh1 dxe4 13. Nxe4 Nf6 14. d3
Nxe4 15. dxe4 Bg7 16. Rd1 Qb4 17. c3 Qb5 18. c4 Qb7 19. Rb1 O-O 20. Be3 Qe7 21.
Qf2 Rfd8 22. Bxc5 Qb7 23. b3 Rd7 24. Rxd7 Qxd7 25. e5 a6 26. Qf3 Rd8 27. Bd6
Bf8 28. c5 Bg7 29. Qe2 Qb7 30. h3 Rd7 31. Rc1 Bf8 32. Qf3 Be7 33. Rc4 Bd8 34.
Qc3 Qc8 35. Ra4 a5 36. Qf3 Qb7 37. Qg4 Qb5 38. Rc4 Qb7 39. h4 h5 40. Qh3 Qc8
41. Rc3 Qa6 42. Rc4 Qc8 43. Kh2 Be7 44. Rc3 Qd8 45. g3 Rb7 46. Qg2 Bxh4 47.
Qxc6 Rb4 48. Rc4 Rxc4 49. bxc4 Be7 50. Qb6 h4 51. Qxd8+ Bxd8 52. c6 hxg3+ 53.
Kxg3 a4 54. c7 Bxc7 55. Bxc7 Kf8 56. Bd6+ Ke8 57. c5 Kd7 58. Kg4 1-0

[Event "Dundee & Angus Major"]
[Site "?"]
[Date "2012.10.11"]
[Round "3"]
[White "Thacker, Stephen"]
[Black "Atkins, Graham"]
[Result "0-1"]
[WhiteElo "1411"]
[BlackElo "1503"]
[PlyCount "81"]
[EventDate "13.??.??"]

1. e4 g6 2. d4 Bg7 3. Nf3 d6 4. Bc4 c6 5. c3 b5 6. Bb3 Nf6 7. Nbd2 O-O 8. O-O
a5 9. a4 Ba6 10. Re1 Nbd7 11. Nf1 c5 12. axb5 Bxb5 13. Bc2 e5 14. d5 Qb6 15.
Ne3 c4 16. Bd2 Nc5 17. Nf1 a4 18. h3 Nfd7 19. Ng3 Nb3 20. Ra2 Nxd2 21. Qxd2 Nc5
22. Rea1 Rfb8 23. Rb1 Nb3 24. Qe1 Bh6 25. Kh1 Nc5 26. Nf1 Nd3 27. Bxd3 cxd3 28.
N1d2 Rf8 29. g4 Bxd2 30. Qxd2 Kg7 31. h4 f5 32. gxf5 gxf5 33. Qg5+ Kh8 34. Rg1
Ra7 35. Qh6 Raf7 36. exf5 Qxf2 37. Ng5 Rg7 38. Raa1 Qxf5 39. Rg2 Rf6 40. Qh5 h6
41. Rag1 0-1

[Event "Dundee & Angus Major"]
[Site "?"]
[Date "2012.10.12"]
[Round "4"]
[White "Pearson, Walter"]
[Black "Livie, George"]
[Result "0-1"]
[WhiteElo "1435"]
[BlackElo "1532"]
[PlyCount "103"]
[EventDate "14.??.??"]

1. e4 e6 2. d4 d5 3. Nc3 Bb4 4. e5 c5 5. f4 Ne7 6. Nf3 Nbc6 7. Be3 cxd4 8. Nxd4
Nxd4 9. Bxd4 Nf5 10. a3 Be7 11. Bf2 Bd7 12. Bd3 Nh6 13. O-O O-O 14. Ne2 Rc8 15.
Nd4 a6 16. c3 f5 17. h3 g5 18. Qh5 Nf7 19. Bg3 Qe8 20. Rae1 Nh8 21. Qxe8 Rcxe8
22. Kh1 Ng6 23. fxg5 Bxg5 24. Nf3 Bd8 25. Bf2 Bc7 26. Bd4 Rf7 27. g3 Bd8 28.
Kg2 Be7 29. Rf2 Bd8 30. Ng1 Ref8 31. Ne2 Bg5 32. h4 Nxh4+ 33. gxh4 Bxh4 34.
Ref1 Bxf2 35. Rxf2 Rg7+ 36. Kf1 Be8 37. Nf4 Bd7 38. Nh5 Rgf7 39. Rg2+ Kh8 40.
Nf6 Ba4 41. Nxd5 Bc6 42. Nf6 Bxg2+ 43. Kxg2 Rg7+ 44. Kf2 Rg6 45. Bc4 Rf7 46.
Bxe6 Rfg7 47. Bd5 Rh6 48. b4 Rh2+ 49. Kf3 Rh3+ 50. Kf4 h6 51. e6 Rh4+ 52. Kxf5
0-1

[Event "Dundee & Angus Major"]
[Site "?"]
[Date "2012.10.12"]
[Round "4"]
[White "Campbell, Kevin"]
[Black "Congalton, David"]
[Result "1-0"]
[WhiteElo "1587"]
[BlackElo "1293"]
[PlyCount "81"]
[EventDate "14.??.??"]

1. e4 d6 2. d4 g6 3. Nf3 Bg7 4. Bc4 Nf6 5. e5 dxe5 6. Nxe5 O-O 7. O-O Nc6 8.
Nxc6 bxc6 9. Be3 Rb8 10. Nd2 Ng4 11. Nf3 Rb4 12. Bb3 Qd6 13. c3 Rb8 14. Qd2 (
14. Qe2 Be6 15. Bf4 Qd7 16. Bxe6 fxe6 17. Rfe1) 14... Be6 15. Bf4 Qd7 16. Bxe6
fxe6 17. Rfe1 Rb5 18. h3 Rbf5 19. Bg3 Nh6 20. Qe3 e5 21. Bxe5 Re8 22. Bxg7 Kxg7
23. Re2 Ra5 24. b4 Ra3 25. Rae1 Nf5 26. Qe5+ Kg8 27. g4 Rxc3 28. gxf5 Rxf3 29.
fxg6 Qxh3 30. gxh7+ Qxh7 31. Qg5+ Kf8 32. Re3 Rf7 33. Rg3 Rd8 34. Re4 Rd5 35.
Qg4 Rd8 36. Re5 Rg7 37. Qxg7+ Qxg7 38. Rxg7 Kxg7 39. Rxe7+ Kf6 40. Rxc7 Rxd4
41. Rxc6+ 1-0